City of London unitary development plan (Record no. 94256)
[ view plain ]
| 000 -LEADER | |
|---|---|
| fixed length control field | 01886cam a2200265 4500 |
| 001 - CONTROL NUMBER | |
| control field | L60815 |
| 008 - FIXED-LENGTH DATA ELEMENTS--GENERAL INFORMATION | |
| fixed length control field | 2015 |
| 035 ## - SYSTEM CONTROL NUMBER | |
| System control number | (Sirsi) u60815 |
| 041 ## - LANGUAGE CODE | |
| Language code of text/sound track or separate title | eng |
| 050 ## - LIBRARY OF CONGRESS CALL NUMBER | |
| Classification number | 711.4094212 |
| 100 ## - MAIN ENTRY--PERSONAL NAME | |
| Personal name | Everett, Philip |
| 245 ## - TITLE STATEMENT | |
| Title | City of London unitary development plan |
| Medium | [electronic resource] |
| 260 ## - PUBLICATION, DISTRIBUTION, ETC. | |
| Place of publication, distribution, etc. | London |
| Name of publisher, distributor, etc. | Corporation of London |
| Date of publication, distribution, etc. | 2015 |
| 520 ## - SUMMARY, ETC. | |
| Summary, etc. | The Local Plan is the strategy for planning the City of London. It sets out the vision for shaping the Square Mile in the future and contains the policies which guide planning decisions. The Local Plan sets out the City Corporation?s vision, strategy, objectives and policies for planning the City of London. It provides a spatial framework that brings together and co-ordinates a range of strategies prepared by the City Corporation, its partners and other agencies and authorities. It includes policies for deciding development proposals. It takes account of projected changes in the economy, employment, housing need, transport demand, and seeks to maintain the quality of the City?s environment and its historic environment. It provides the strategy and policies for shaping the City until 2026 and beyond. |
| 650 ## - SUBJECT ADDED ENTRY--TOPICAL TERM | |
| Topical term or geographic name entry element | PLANNING GUIDANCE |
| 650 ## - SUBJECT ADDED ENTRY--TOPICAL TERM | |
| Topical term or geographic name entry element | PLANNING POLICY |
| 650 ## - SUBJECT ADDED ENTRY--TOPICAL TERM | |
| Topical term or geographic name entry element | STRATEGIC PLANNING |
| 650 ## - SUBJECT ADDED ENTRY--TOPICAL TERM | |
| Topical term or geographic name entry element | UDP |
| 650 ## - SUBJECT ADDED ENTRY--TOPICAL TERM | |
| Topical term or geographic name entry element | UNITARY DEVELOPMENT PLANS |
| 690 ## - LOCAL SUBJECT ADDED ENTRY--TOPICAL TERM (OCLC, RLIN) | |
| Topical term or geographic name as entry element | PLANNING LAW AND PRACTICE |
| 710 ## - ADDED ENTRY--CORPORATE NAME | |
| Corporate name or jurisdiction name as entry element | London |
| Subordinate unit | Corporation of London |
| -- | Department of Planning |
| 9 (RLIN) | 1552 |
| 856 40 - ELECTRONIC LOCATION AND ACCESS | |
| Uniform Resource Identifier | <a href="https://www.cityoflondon.gov.uk/services/environment-and-planning/planning/planning-policy/local-plan/Pages/default.aspx">https://www.cityoflondon.gov.uk/services/environment-and-planning/planning/planning-policy/local-plan/Pages/default.aspx</a> |
| Public note | View at www.cityoflondon.gov.uk |
| 856 40 - ELECTRONIC LOCATION AND ACCESS | |
| Uniform Resource Identifier | <a href="https://www.cityoflondon.gov.uk/services/environment-and-planning/planning/planning-policy/local-plan/Documents/local-plan-2015.pdf/local-plan/Pages/default.aspx">https://www.cityoflondon.gov.uk/services/environment-and-planning/planning/planning-policy/local-plan/Documents/local-plan-2015.pdf/local-plan/Pages/default.aspx</a> |
| Public note | View the plan at www.cityoflondon.gov.uk |
| 942 ## - ADDED ENTRY ELEMENTS (KOHA) | |
| Suppress in OPAC | 0 |
| Withdrawn status | Lost status | Source of classification or shelving scheme | Damaged status | Not for loan | Home library | Current library | Shelving location | Date acquired | Cost, normal purchase price | Total Checkouts | Full call number | Barcode | Date last seen | Date last checked out | Copy number | Cost, replacement price | Price effective from | Koha item type |
|---|---|---|---|---|---|---|---|---|---|---|---|---|---|---|---|---|---|---|
| Dewey Decimal Classification | London | London | Online | 12/10/1994 | 15.00 | 2 | ONLINE PUBLICATION | 60815-1001 | 06/08/2019 | 28/11/2003 | 1 | 15.00 | 06/08/2019 | Book |